Az Alkatrészgyártó Kft. vagyoni-, pénzügyi és jövedelmezőségi helyzetének értékelése és az eredmény alakulását befolyásoló tényezők vizsgálata 2013-2015 üzleti év beszámolói alapján

Bibliographic Details
Main Author: Kaszanyi Viktória
Other Authors: Pucsek Dr. József
Format: Thesis
Kulcsszavak:Komplex elemzés
Vagyoni, pénzügyi helyzet elemzés
Jövedelmezőségi helyzet elemzés
Online Access:http://dolgozattar.uni-bge.hu/9181

MARC

LEADER 00000nta a2200000 i 4500
001 dolg9181
005 20161219101342.0
008 161219suuuu hu om 000 hun d
040 |a BGE Dolgozattár Repozitórium  |b hun 
041 |a hu 
100 1 |a Kaszanyi Viktória 
245 1 3 |a Az Alkatrészgyártó Kft. vagyoni-, pénzügyi és jövedelmezőségi helyzetének értékelése és az eredmény alakulását befolyásoló tényezők vizsgálata 2013-2015 üzleti év beszámolói alapján  |c Kaszanyi Viktória  |h [elektronikus dokumentum] 
695 |a Komplex elemzés 
695 |a Vagyoni, pénzügyi helyzet elemzés 
695 |a Jövedelmezőségi helyzet elemzés 
700 1 |a Pucsek Dr. József  |e ths 
856 4 0 |u http://dolgozattar.uni-bge.hu/9181/1/Szakdolgozat%20-%20Kaszanyi%20Vikt%C3%B3ria.pdf  |z Dokumentum-elérés 
856 4 0 |u http://dolgozattar.uni-bge.hu/9181/2/Titkos%C3%ADt%C3%A1si%20k%C3%A9relem.pdf  |z Dokumentum-elérés